000
00199 a2200109 4500
020
_a
013429907201
041
_a
spa
100
_a
Dreams Art
245
_a
La generosidad
942
_c
BK
952
_7
1
999
_c
25378
_d
25378